Sports Quiz

Random Sports or Basketball Quiz

Nicknames of Basketball Quiz Stats

Quiz not verified by Sporcle

Score 0/118 Timer 10:00
0 Plays Today
Player Nickname % Correct
Chris AndersenBirdman
94.3%
Carmelo AnthonyMelo
91.4%
Gilbert ArenasAgent Zero
82.9%
Nate ArchibaldTiny
77.1%
Ray AllenJesus Shuttlesworth
74.3%
Kobe BryantBlack Mamba
74.3%
Glen DavisBig Baby
71.4%
Earvin JohnsonMagic
71.4%
Hakeem OlajuwonThe Dream
71.4%
LeBron JamesKing James
68.6%
Chris PaulCP3
68.6%
Walt FrazierClyde
65.7%
Gary PaytonThe Glove
65.7%
Wilt ChamberlainWilt The Stilt
62.9%
Julius ErvingDr J
62.9%
Anfernee HardawayPenny
62.9%
Alonzo MourningZO
60%
Paul PierceThe Truth
60%
David RobinsonThe Admiral
60%
Chauncey BillupsMr Big Shot
57.1%
Daron BlaylockMookie
57.1%
Dwight HowardSuperman
57.1%
Michael JordanAir Jordan
57.1%
Andrei KirilenkoAK47
57.1%
Karl MaloneThe Mailman
57.1%
Charles BarkleySir Charles
54.3%
Tyrone BoguesMuggsy
54.3%
Tim DuncanThe Big Fundamental
54.3%
Kevin GarnettBig Ticket
54.3%
George GervinIceman
54.3%
Richard HamiltonRip
54.3%
Allen IversonThe Answer
54.3%
Tracy McGradyT-Mac
54.3%
Rafer AlstonSkip To My Lou
51.4%
Clyde DrexlerClyde The Glide
51.4%
Shawn MarionMatrix
51.4%
Zach RandolphZ-Bo
51.4%
Larry BirdHick From French Lick
48.6%
Lloyd Bernard FreeWorld B. Free
48.6%
Jeremy LinLinsanity
48.6%
Player Nickname % Correct
Pete MaravichPistol Pete
48.6%
Derrick RoseD-Rose
48.6%
Earl MonroeEarl The Pearl
45.7%
Shaquille O' NealDiesel
45.7%
Robert Parish Chief
45.7%
Glenn RiversDoc
45.7%
Oscar RobertsonThe Big O
45.7%
Andre IguodalaIggy
42.9%
Lafayette LeverFat
42.9%
Kenny SmithThe Jet
42.9%
Jerry WestThe Logo
42.9%
Joe BryantJelly Bean
40%
Vince CarterAir Canada
40%
Pervis EllisonNever Nervous Pervis
40%
Larry JohnsonGrandmama
40%
Shawn KempThe Reignman
40%
Dennis RodmanThe Worm
40%
Kareem Abdul-JabbarCap
37.1%
Dan MajerlieThunder Dan
37.1%
Isaiah ThomasZeke
37.1%
Dwyane WadeD-Wade
37.1%
Deron WilliamsD-Will
37.1%
Jason WilliamsWhite Chocolate
37.1%
Darryl DawkinsChocolate Thunder
34.3%
Steve FrancisStevie Franchise
34.3%
Dennis JohnsonDJ
34.3%
Rasheed WallaceSheed
34.3%
Nick YoungSwaggy P
31.4%
Dikembe MutomboMount Mutombo
28.6%
Jerome RichardsonPooh
28.6%
Amar'e StoudemireSTAT
28.6%
Dominique WilkinsThe Human Highlight Film
28.6%
Brent BarryBones
25.7%
Kenneth FariedManimal
25.7%
Derek FisherD-Fish
25.7%
John HavlicekHondo
25.7%
Chuck PersonThe Rifleman
22.9%
Ben WallaceBig Ben
22.9%
James WorthyBig Game James
22.9%
Kevin DurantSlim Reaper
20%
Player Nickname % Correct
Brandon RoyThe Rain
20%
Josh SmithJ-Smoove
20%
Chris BoshBoshtrich
17.1%
Serge IbakaSerge I-Block-A
17.1%
Kyrie ErvingUncle Drew
17.1%
Darko MilicicHuman Victory Cigar
17.1%
John SalleyThe Spider
17.1%
Andrea BargnaniII Mago
14.3%
Elgin BaylorEB
14.3%
Walt BellamyBells
14.3%
Tony KukocCroatian Sensation
14.3%
Yao MingGreat Wall Of China
14.3%
Trevor ArizaCobra
11.4%
Sam CassellSam I Am
11.4%
Bob CousyHoudini Of The Hardwood
11.4%
Marcin GortatPollish Hammer
11.4%
Steve NashCaptain Canada
11.4%
Nate RobinsonKryptoNate
11.4%
Gerald WallaceCrash
11.4%
Dick BarnettFall Back Baby
8.6%
Bill BradleyDollar Bill
8.6%
Billy CunninghamKangaroo Kid
8.6%
Darrell GriffithDr. Dunkenstien
8.6%
Artis GilmoreA-Train
5.7%
Manu GinobiliObi-Wan Ginobili
5.7%
Ben GordonMadison Square Gordon
5.7%
Tommy HeinsohnTommy Gun
5.7%
Kirk HinrichCaptain Kirk
5.7%
Kevin McHaleThe Black Hole
5.7%
Lamar OdomCandy Man
5.7%
Sam PerkinsBig smooth
5.7%
Dennis Scott3-D
5.7%
Nick Van ExelNick Van Excellent
5.7%
Bob Dandridge DooDoo
2.9%
Patrick EwingBeast Of The East
2.9%
Tom HammondsTerminator
0%
George HillG-Money
0%
Bobby SmithBingo
0%

You're not logged in!

Compare scores with friends on all Sporcle quizzes.
Sign Up with Email
OR
Log In

You Might Also Like...

Show Comments

Extras

Top Quizzes Today


Score Distribution

Your Account Isn't Verified!

In order to create a playlist on Sporcle, you need to verify the email address you used during registration. Go to your Sporcle Settings to finish the process.